00802nam a2200217 a 4500001001000000003000900010005001700019007001000036008004100046040002200087110010500109245009600214250001300310260004500323300003000368700002200398700002800420700002100448700003300469710008200502000031159DO-SdBNP20150413143652.0000031159110614s2008 dr c 000 | spa d aBPMETbspacBPMET 4Secretaria de Estado de Educación bDepartamento de Educación Ambiental (República Dominicana)00aInstructivo para la formación de Comités Ambientales /cVinicio Beltré ... [et. al.]. a2a. ed.  aSanto Domingo :bAmigo del Hogar,c2008. a20 p. :bretrs. ;c23 cm.1 aBeltré, Vinicio1 aGarcía D., Adriano E.1 aSuero, Joaquín1 aGenao Díaz, Lesbia María1 aSecretaría de Estado de Educación.bDepartamento de Educación Ambiental